| 000 | 00531 a2200145 4500 | ||
|---|---|---|---|
| 999 |
_c258 _d258 |
||
| 020 | _a9780495172284 | ||
| 050 | _aBF121 RAT 2007 | ||
| 100 |
_aRathus, Spencer A. _eauthor |
||
| 245 |
_aPsychology : _bconcepts & connections / _cSpencer A. Rathus. |
||
| 264 |
_aBelmont, CA : _bThomson/Wadsworth, _cc2007. |
||
| 300 |
_axxxix, 627, [96] p. : _bill. (chiefly col.) |
||
| 500 | _aIncludes bibliographical references (p. 568-597) and indexes. | ||
| 650 |
_aPsychology _xTextbooks |
||
| 942 |
_2lcc _cBK _eBrief version, 8th ed. _h121 _iRAT _kBF |
||